[Event "RUS Rapid GP Serpukhov"]
[Site "Serpukhov RUS"]
[Date "2018.02.23"]
[Round "2.6"]
[White "Frolyanov, Dmitry"]
[Black "Geivondian, Arman"]
[Result "0-1"]
[WhiteTitle "GM"]
[BlackTitle "FM"]
[WhiteElo "2567"]
[BlackElo "2380"]
[WhiteFideId "4151976"]
[BlackFideId "24102032"]
[EventDate "2018.02.23"]

1. e4 e6 2. d4 d5 3. Nc3 Nf6 4. e5 Nfd7 5. f4 c5 6. Nf3 Nc6 7. Be3 cxd4 8. Nxd4
Bc5 9. Qd2 Bxd4 10. Bxd4 Nxd4 11. Qxd4 Qb6 12. Qxb6 Nxb6 13. Nb5 Ke7 14. O-O-O
Bd7 15. Nd4 Bc6 16. b3 h5 17. Bd3 Nd7 18. Rhe1 g6 19. g3 Rag8 20. Kb2 g5 21. f5
g4 22. Re2 h4 23. Rf1 hxg3 24. hxg3 Rh3 25. Re3 Rg5 26. Rf4 Rhh5 27. Be2 Rxf5
28. Nxf5+ exf5 29. c4 Nc5 30. b4 Ne6 31. Rf2 d4 32. Ra3 Be4 33. Bd3 a5 34. bxa5
Nc5 35. Bf1 Ke6 36. a6 Nxa6 37. Ra5 Kd7 38. c5 Nb8 39. Bb5+ Kc7 40. Rd2 Rh3 41.
Ra3 Rh1 42. Rb3 Nd7 43. Bxd7 Kxd7 44. Rxd4+ Ke6 45. Rd8 Rb1+ 46. Kc3 Rc1+ 47.
Kb4 Kxe5 48. Re8+ Kf6 49. Rc8 Kg5 50. Rf8 Kf6 51. Kb5 Bd5 52. Re3 Bxa2 53. Kb6
Rb1+ 54. Kc7 Bd5 55. Rd3 Bc6 56. Rd6+ Kg7 57. Rdd8 Re1 58. Rg8+ Kf6 59. Rd6+ Re6
60. Kd8 Ke5 61. Kc7 Ke4 62. Rg7 Re7+ 63. Kd8 Re8+ 64. Kc7 Re7+ 65. Kd8 Re5 66.
Rxf7 Rxc5 67. Re6+ Kf3 68. Ref6 Be4 69. Rb6 Kxg3 70. Rb3+ Kf2 71. Kd7 g3 72. Kd6
Rd5+ 73. Ke6 g2 74. Rg7 Rc5 0-1

[Event "RUS Rapid GP Serpukhov"]
[Site "Serpukhov RUS"]
[Date "2018.02.23"]
[Round "2.7"]
[White "Novikov, Konstantin"]
[Black "Pridorozhni, Aleksei"]
[Result "0-1"]
[BlackTitle "GM"]
[WhiteElo "2255"]
[BlackElo "2570"]
[WhiteFideId "24163554"]
[BlackFideId "4127870"]
[EventDate "2018.02.23"]

1. e4 c5 2. Nf3 Nc6 3. c3 Nf6 4. e5 Nd5 5. d4 cxd4 6. cxd4 e6 7. Bc4 d6 8. O-O
Be7 9. Qe2 O-O 10. Qe4 b6 11. Bxd5 exd5 12. Qxd5 Bb7 13. Qe4 Qd7 14. exd6 Qxd6
15. Bf4 Qe6 16. Nc3 Qxe4 17. Nxe4 Rad8 18. Rad1 Nb4 19. Nc3 f6 20. Rfe1 Kf7 21.
a3 Nc2 22. d5 Nxe1 23. Nxe1 Bd6 24. Bxd6 Rxd6 25. Nc2 Rd7 26. Ne3 Re8 27. g4 h5
28. h3 h4 29. Kg2 Rdd8 30. Kf3 Re5 31. Rd4 g6 32. Kf4 Bc8 33. Rc4 Re7 34. Ne4
Bb7 35. Nc3 Rc8 36. Rd4 Rd7 37. g5 Rh8 38. gxf6 Kxf6 39. Re4 Kg7 40. Kf3 Rf7+
41. Kg2 Rhf8 42. Ncd1 Rf4 43. Re7+ R8f7 44. Re8 Rd4 45. Nc3 Rd2 46. Kg1 Rdxf2
47. Rb8 R2f3 48. Ng4 Rxh3 49. Ne5 Rg3+ 50. Kh2 Re7 51. d6 Rxe5 52. Rxb7+ Kh6 53.
Rxa7 Rd3 54. Re7 Rf5 55. Ne4 Rff3 56. d7 Rfe3 57. Nd6 Rd2+ 0-1

[Event "RUS Rapid GP Serpukhov"]
[Site "Serpukhov RUS"]
[Date "2018.02.23"]
[Round "2.8"]
[White "Popov, Ivan RUS"]
[Black "Burger, Konstantin"]
[Result "1-0"]
[WhiteTitle "GM"]
[WhiteElo "2608"]
[BlackElo "2138"]
[WhiteFideId "4170350"]
[BlackFideId "24118117"]
[EventDate "2018.02.23"]

1. e4 c5 2. Nf3 g6 3. d4 Bg7 4. dxc5 Qa5+ 5. c3 Qxc5 6. Be3 Qa5 7. Nbd2 d6 8.
Nd4 Nf6 9. Be2 O-O 10. O-O Nc6 11. f4 a6 12. Bf3 Bd7 13. a4 Qc7 14. Kh1 Rac8 15.
N4b3 Na5 16. e5 dxe5 17. fxe5 Qxe5 18. Bd4 Qc7 19. Nxa5 Qxa5 20. Bxb7 Rcd8 21.
Bf3 Qc7 22. Re1 Bf5 23. a5 Nd5 24. Bxg7 Kxg7 25. Bxd5 Rxd5 26. Qe2 Rfd8 27. Nf3
Rxa5 28. Rxa5 Qxa5 29. Qxe7 Rd7 30. Qe2 Be6 31. Nd4 Rd6 32. Qf2 Bd5 33. Qf4 Qd8
34. Qg3 Kh8 35. h3 f5 36. Re8+ Qxe8 37. Qxd6 Qe1+ 38. Kh2 Qe4 39. Qf8+ 1-0

[Event "RUS Rapid GP Serpukhov"]
[Site "Serpukhov RUS"]
[Date "2018.02.23"]
[Round "2.9"]
[White "Drozdova, Dina"]
[Black "Bocharov, Dmitry"]
[Result "0-1"]
[WhiteTitle "WIM"]
[BlackTitle "GM"]
[WhiteElo "2209"]
[BlackElo "2594"]
[WhiteFideId "4170695"]
[BlackFideId "4138716"]
[EventDate "2018.02.23"]

1. d4 Nf6 2. Nf3 e6 3. g3 b5 4. Bg2 Bb7 5. O-O c5 6. a4 b4 7. c4 Na6 8. Nbd2 Be7
9. Nb3 O-O 10. Bf4 cxd4 11. Nfxd4 Bxg2 12. Kxg2 Qb6 13. Rc1 Rac8 14. Qd3 Rfd8
15. a5 Qb7+ 16. Qf3 d5 17. cxd5 Nxd5 18. Rxc8 Rxc8 19. Rc1 Rxc1 20. Bxc1 Nc5 21.
Nxc5 Bxc5 22. Nb3 Be7 23. e4 Nf6 24. Bg5 h6 25. Bxf6 Bxf6 26. Qe2 Qc6 27. f4 Bd8
28. Qd3 Bc7 29. a6 Bb6 30. h4 h5 31. Kh2 Qa4 32. f5 exf5 33. exf5 Qa2 34. Qc2
Qxa6 35. Qg2 Qd3 36. Nd2 Qxf5 37. Nf3 Qe4 38. b3 a5 39. Qf1 Qc2+ 40. Kh3 Qxb3
41. Ng5 Qd5 42. Qe1 Qd7+ 43. Kh2 b3 44. Qe4 g6 45. Qe5 Bc7 46. Qc3 a4 47. Ne4
Bd8 48. Nc5 Qc6 0-1

[Event "RUS Rapid GP Serpukhov"]
[Site "Serpukhov RUS"]
[Date "2018.02.23"]
[Round "2.10"]
[White "Morozevich, Alexander"]
[Black "Vul, Arkadi Eremeevich"]
[Result "1-0"]
[WhiteTitle "GM"]
[BlackTitle "GM"]
[WhiteElo "2665"]
[BlackElo "2225"]
[WhiteFideId "4116992"]
[BlackFideId "4104307"]
[EventDate "2018.02.23"]

1. e4 e5 2. f4 exf4 3. Bc4 Nf6 4. Nc3 Bb4 5. Nf3 O-O 6. O-O Bxc3 7. dxc3 Nxe4 8.
Bxf4 c6 9. Bd6 Nxd6 10. Qxd6 b5 11. Bd3 g6 12. Ne5 Qb6+ 13. Kh1 c5 14. Nxf7 Qxd6
15. Nxd6 Nc6 16. Bxb5 Nd8 17. Rxf8+ Kxf8 18. Re1 Nb7 19. Re8+ Kg7 20. Nxc8 1-0

[Event "RUS Rapid GP Serpukhov"]
[Site "Serpukhov RUS"]
[Date "2018.02.23"]
[Round "2.11"]
[White "Klimentov, Roman"]
[Black "Timofeev, Artyom"]
[Result "0-1"]
[BlackTitle "GM"]
[WhiteElo "2211"]
[BlackElo "2569"]
[WhiteFideId "4130286"]
[BlackFideId "4140419"]
[EventDate "2018.02.23"]

1. e4 c5 2. Nf3 Nc6 3. Bb5 e6 4. Bxc6 bxc6 5. d3 Ne7 6. Qe2 Qc7 7. Nc3 Ng6 8. h4
Be7 9. h5 Nf4 10. Qf1 e5 11. Bxf4 exf4 12. O-O-O O-O 13. Qe2 Rb8 14. b3 Qa5 15.
Qd2 d5 16. Kb1 Qd8 17. Qxf4 Be6 18. h6 g6 19. Rhe1 Rb4 20. d4 c4 21. exd5 cxd5
22. Rxe6 fxe6 23. Qe5 Rf6 24. Qe3 cxb3 25. cxb3 Qd6 26. Ne5 Rf8 27. f4 Bf6 28.
g4 Bxe5 29. fxe5 Qe7 30. Rc1 Qh4 31. Ne2 Qxg4 32. Qc3 Rb7 33. Qc6 Rbf7 34. Rc2
Qf5 35. Kb2 g5 36. Nc3 Qg6 37. Nb5 Rf2 38. Rxf2 Rxf2+ 39. Ka3 Qxh6 40. Nc7 Qf8+
41. b4 Qf3+ 42. Ka4 Rxa2+ 43. Kb5 Qd3+ 0-1

[Event "RUS Rapid GP Serpukhov"]
[Site "Serpukhov RUS"]
[Date "2018.02.23"]
[Round "2.12"]
[White "Volkov, Sergey"]
[Black "Cherenkov, Andrey"]
[Result "1-0"]
[WhiteTitle "GM"]
[BlackTitle "FM"]
[WhiteElo "2612"]
[BlackElo "2177"]
[WhiteFideId "4122763"]
[BlackFideId "4185315"]
[EventDate "2018.02.23"]

1. d4 Nf6 2. c4 e6 3. Nc3 d5 4. cxd5 exd5 5. Bg5 Be7 6. e3 Nbd7 7. Nf3 c6 8. Qc2
h6 9. Bf4 Nh5 10. Be5 Nxe5 11. dxe5 g6 12. O-O-O Qa5 13. Nd4 Ng7 14. Bd3 Bd7 15.
f4 O-O-O 16. Kb1 Kb8 17. g3 Bg4 18. Rc1 c5 19. Nb3 Qb6 20. Na4 Qb4 21. Nbxc5 Rc8
22. a3 Qa5 23. b4 Qd8 24. h3 Bd7 25. Qb2 Bxa4 26. Nxa4 Rxc1+ 27. Rxc1 Qd7 28.
Nc5 Bxc5 29. bxc5 Rc8 30. g4 Ne6 31. Bb5 Qc7 32. c6 Qb6 33. f5 gxf5 34. gxf5 Nc5
35. cxb7 Nxb7 36. Rxc8+ Kxc8 37. Be2 Nc5 38. Qxb6 axb6 39. Bb5 Ne4 40. Kc2 Kc7
41. h4 f6 42. Bd3 Nf2 43. exf6 Kd6 44. Kc3 Ng4 45. f7 Ke7 46. Kd4 Kxf7 47. Kxd5
Nxe3+ 48. Kc6 Ng2 49. Kxb6 Nxh4 50. a4 Nf3 51. a5 Ne5 52. Bb5 1-0

[Event "RUS Rapid GP Serpukhov"]
[Site "Serpukhov RUS"]
[Date "2018.02.23"]
[Round "2.13"]
[White "Dukhov, Alexander"]
[Black "Iljiushenok, Ilia"]
[Result "0-1"]
[WhiteTitle "IM"]
[BlackTitle "IM"]
[WhiteElo "2374"]
[BlackElo "2528"]
[WhiteFideId "4116810"]
[BlackFideId "24105074"]
[EventDate "2018.02.23"]

1. Nf3 Nf6 2. g3 g6 3. Bg2 Bg7 4. O-O O-O 5. c4 d6 6. Nc3 a6 7. d4 Nc6 8. h3 Bd7
9. b3 Rb8 10. Nd5 Ne8 11. Bg5 h6 12. Be3 e6 13. Nc3 Ne7 14. Qd3 f5 15. Rac1 Nf6
16. Rfd1 b5 17. c5 b4 18. Na4 Bb5 19. Qc2 Ned5 20. Bd2 Ne4 21. Nh4 Qf6 22. e3 g5
23. Nf3 h5 24. Be1 h4 25. g4 Rbe8 26. Nb2 Ndc3 27. Bxc3 Nxc3 28. Re1 fxg4 29.
hxg4 h3 30. Bh1 Bc6 31. e4 Qf4 32. Nh2 Bxd4 33. Nd3 Qg3+ 0-1

[Event "RUS Rapid GP Serpukhov"]
[Site "Serpukhov RUS"]
[Date "2018.02.23"]
[Round "2.14"]
[White "Goganov, Aleksey"]
[Black "Bespalov, Konstantin"]
[Result "1-0"]
[WhiteTitle "GM"]
[WhiteElo "2564"]
[BlackElo "2258"]
[WhiteFideId "24109959"]
[BlackFideId "4142438"]
[EventDate "2018.02.23"]

1. d4 e5 2. dxe5 d6 3. Nf3 Bg4 4. Bf4 Nc6 5. exd6 Qf6 6. Qc1 Bxd6 7. Bxd6 Qxd6
8. Qd2 Qe7 9. Nc3 Bxf3 10. gxf3 Rd8 11. Qe3 Ne5 12. f4 Ng6 13. Qxe7+ N8xe7 14.
e3 O-O 15. Bd3 Nd5 16. Nxd5 Rxd5 17. O-O-O Rfd8 18. Be4 Rxd1+ 19. Rxd1 Rxd1+ 20.
Kxd1 b6 21. Bxg6 hxg6 22. Ke2 Kh7 23. Kf3 Kh6 24. Kg4 a5 25. a4 c6 26. e4 b5 27.
axb5 cxb5 28. c3 Kh7 29. e5 Kg8 30. f5 gxf5+ 31. Kxf5 Kf8 32. f4 Ke7 33. Ke4 g6
34. f5 b4 35. cxb4 axb4 36. b3 Kd7 37. fxg6 fxg6 38. Kd5 g5 39. h3 Ke7 40. e6
Ke8 41. Ke4 1-0

[Event "RUS Rapid GP Serpukhov"]
[Site "Serpukhov RUS"]
[Date "2018.02.23"]
[Round "2.15"]
[White "Zhuravlev, Stepan"]
[Black "Kryakvin, Dmitry"]
[Result "1/2-1/2"]
[BlackTitle "GM"]
[WhiteElo "2135"]
[BlackElo "2567"]
[WhiteFideId "34120197"]
[BlackFideId "4153278"]
[EventDate "2018.02.23"]

1. d4 Nf6 2. c4 c5 3. d5 g6 4. Nc3 Bg7 5. e4 O-O 6. Nf3 e6 7. Be2 exd5 8. exd5
d6 9. O-O Bf5 10. Bd3 Bxd3 11. Qxd3 Qb6 12. Re1 Na6 13. b3 Rfe8 14. Bb2 Nc7 15.
Rab1 Qa5 16. a4 a6 17. Ra1 Ng4 18. h3 Ne5 19. Nxe5 Bxe5 20. Rxe5 Rxe5 21. Ne4
Rxe4 22. Qxe4 Qd2 23. Bf6 Ne8 24. Be7 Qc3 25. Rb1 Rb8 26. Bh4 Ng7 27. Bg3 Re8
28. Qf3 Qxf3 29. gxf3 Nf5 30. b4 Rc8 31. bxc5 Rxc5 32. Rxb7 Rxc4 33. Rb6 Nxg3
34. fxg3 Rxa4 35. Rxd6 Ra2 36. Rd7 Kg7 37. Ra7 Kf6 38. f4 h5 39. Kh1 a5 40. Kg1
a4 41. d6 h4 42. g4 Ra3 43. Kg2 Rg3+ 44. Kh2 a3 45. f5 gxf5 46. gxf5 Rd3 47. Kg2
Kxf5 48. d7 Kg5 49. Rxa3 Rxd7 50. Ra8 Rd6 51. Ra2 Rd4 52. Kh2 Kf5 53. Rf2+ Rf4
54. Rg2 Ke4 55. Re2+ Kf3 56. Re1 Kf2 57. Rg1 f5 58. Rg5 Kf3 59. Rg1 Ke2 60. Rg5
Rf3 61. Rh5 Rf4 62. Rg5 Ke3 63. Rg7 Rf2+ 64. Kg1 Rf3 65. Kh2 Rg3 66. Rh7 f4 67.
Rxh4 Rg8 68. Rh7 f3 69. Re7+ Kd2 70. Rd7+ Ke1 71. Re7+ Kf1 72. h4 f2 73. Rf7
Rg2+ 74. Kh1 Rg4 75. Kh2 Rg2+ 76. Kh1 Rg3 77. Kh2 Re3 78. h5 Ke1 79. Kg2 Re2 80.
Kg3 f1=Q 81. Rxf1+ Kxf1 82. Kg4 Kf2 83. h6 Ke3 84. Kf5 Kd4 85. h7 Rh2 86. Kg6
Ke5 87. Kg7 Rg2+ 88. Kf8 Rh2 89. Kg7 1/2-1/2

[Event "RUS Rapid GP Serpukhov"]
[Site "Serpukhov RUS"]
[Date "2018.02.23"]
[Round "2.16"]
[White "Nozdrachev, Vladislav"]
[Black "Solozhenkina, Elizaveta"]
[Result "1-0"]
[WhiteTitle "IM"]
[BlackTitle "WIM"]
[WhiteElo "2485"]
[BlackElo "2202"]
[WhiteFideId "24113441"]
[BlackFideId "34106615"]
[EventDate "2018.02.23"]

1. e4 c6 2. d4 d5 3. e5 Bf5 4. Nf3 e6 5. Be2 c5 6. c3 Nc6 7. O-O a6 8. Be3 cxd4
9. Nxd4 Nge7 10. f4 Nxd4 11. cxd4 Nc6 12. Nc3 h5 13. a3 b5 14. Rc1 Na5 15. a4 b4
16. Nb1 b3 17. Bd2 Bc2 18. Rxc2 bxc2 19. Qxc2 Rc8 20. Nc3 Nc4 21. f5 Qb6 22.
fxe6 Qxd4+ 23. Kh1 Qxd2 24. Qf5 fxe6 25. Qxe6+ Kd8 26. Rd1 Rh6 27. Qf7 Qxd1+ 28.
Bxd1 Bc5 29. Qxd5+ Bd6 30. Qg8+ Kd7 31. Qxg7+ Be7 32. Qxh6 Nxe5 33. Qxh5 Rc5 34.
g3 Nc4 35. Qe2 Nd6 36. Bb3 1-0

[Event "RUS Rapid GP Serpukhov"]
[Site "Serpukhov RUS"]
[Date "2018.02.23"]
[Round "2.17"]
[White "Shaydullina, Sandugach"]
[Black "Hasangatin, Ramil"]
[Result "0-1"]
[WhiteTitle "WGM"]
[BlackTitle "GM"]
[WhiteElo "2211"]
[BlackElo "2502"]
[WhiteFideId "4140389"]
[BlackFideId "4122160"]
[EventDate "2018.02.23"]

1. d4 Nf6 2. c4 c6 3. Nf3 d6 4. Nc3 Bf5 5. g3 Ne4 6. Qb3 Nxc3 7. Qxc3 Be4 8. Bg2
Nd7 9. O-O e6 10. Bg5 Nf6 11. Bh3 Be7 12. Nd2 Bg6 13. Bg2 O-O 14. e4 Nxe4 15.
Nxe4 Bxg5 16. c5 Be7 17. h4 Qc7 18. b4 Rfd8 19. Bf3 h6 20. Rac1 d5 21. Nd2 Bf6
22. Rfe1 Re8 23. Nb3 e5 24. a4 Re7 25. Re3 Rae8 26. Rce1 exd4 27. Nxd4 Be4 28.
Bxe4 dxe4 29. Qc4 Qe5 30. Nb3 Qd5 31. Qc2 g5 32. Nd2 gxh4 33. Nxe4 Bd4 34. Nc3
Qg5 35. Rxe7 Rxe7 36. Rxe7 Qxe7 37. Ne2 Qf6 38. Nxd4 Qxd4 39. Qb3 hxg3 40. Qxg3+
Qg7 41. a5 Qxg3+ 42. fxg3 Kg7 43. b5 a6 44. bxa6 bxa6 45. Kf2 Kf6 46. Kf3 Kf5
47. g4+ Ke5 48. Kg3 f5 49. gxf5 Kxf5 0-1

[Event "RUS Rapid GP Serpukhov"]
[Site "Serpukhov RUS"]
[Date "2018.02.23"]
[Round "2.18"]
[White "Evdokimov, Alexander A."]
[Black "Arkhipenko, Daniil"]
[Result "1-0"]
[WhiteTitle "GM"]
[WhiteElo "2502"]
[BlackElo "2143"]
[WhiteFideId "4139275"]
[BlackFideId "4191366"]
[EventDate "2018.02.23"]

1. Nf3 Nf6 2. c4 e6 3. g3 b6 4. Bg2 Bb7 5. d4 c5 6. d5 exd5 7. Nh4 Qc7 8. cxd5
d6 9. O-O Nbd7 10. Nc3 a6 11. Bf4 h6 12. Nf3 g6 13. Nd2 Nh5 14. Be3 Bg7 15. a4
O-O 16. Nc4 Rfe8 17. Ne4 Bf8 18. Qd2 f5 19. Nc3 Kh7 20. Rfc1 Bg7 21. Rab1 Ne5
22. Nxe5 Rxe5 23. b4 Qf7 24. bxc5 bxc5 25. Rb6 Bf8 26. Bf3 Rxe3 27. Qxe3 Ng7 28.
Rcb1 Bc8 29. Qd3 Ne8 30. Rb8 Rxb8 31. Rxb8 Qc7 32. Rb1 Bg7 33. Nd1 Qa5 34. Qc2
Nf6 35. Ne3 Qc7 36. Nc4 Nd7 37. Qb3 Bf6 38. e3 h5 39. h4 Kg7 40. Bg2 Kf7 41. a5
Bd8 42. Qa4 Nf6 43. Rb6 Ne8 44. Qc6 Ke7 45. e4 Qxc6 46. dxc6 Bc7 47. exf5 gxf5
48. Ne3 Nf6 49. Bh3 d5 50. Bxf5 Bxf5 51. Nxf5+ Ke6 52. Rb7 Be5 53. Ng7+ 1-0

[Event "RUS Rapid GP Serpukhov"]
[Site "Serpukhov RUS"]
[Date "2018.02.23"]
[Round "2.19"]
[White "Sukhareva, Evgeniya"]
[Black "Krylov, Mikhail RUS"]
[Result "0-1"]
[BlackTitle "GM"]
[WhiteElo "2224"]
[BlackElo "2476"]
[WhiteFideId "4167155"]
[BlackFideId "4151364"]
[EventDate "2018.02.23"]

1. d4 Nf6 2. c4 c5 3. d5 b5 4. cxb5 a6 5. Nc3 axb5 6. e4 b4 7. Nb5 d6 8. a4 Nxe4
9. Bc4 g6 10. Qe2 Nf6 11. Bf4 Ra6 12. Nxd6+ Rxd6 13. Bb5+ Rd7 14. Bxb8 Bg7 15.
Bxd7+ Nxd7 16. Bg3 Qa5 17. Nf3 Ba6 18. Qc2 O-O 19. Nd2 Rc8 0-1

[Event "RUS Rapid GP Serpukhov"]
[Site "Serpukhov RUS"]
[Date "2018.02.23"]
[Round "2.20"]
[White "Dvalishvili, Pavel S."]
[Black "Kharitonov, Oleg"]
[Result "1-0"]
[WhiteTitle "IM"]
[WhiteElo "2413"]
[BlackElo "2190"]
[WhiteFideId "4121996"]
[BlackFideId "4148754"]
[EventDate "2018.02.23"]

1. e4 e6 2. d4 d5 3. exd5 exd5 4. Nf3 Nf6 5. Bg5 Be7 6. Bd3 O-O 7. O-O Bg4 8.
Nbd2 Nbd7 9. Re1 Re8 10. c3 c6 11. Qc2 h6 12. Bh4 Bd6 13. Rxe8+ Qxe8 14. Re1 Qb8
15. Bxf6 Bxf3 16. Bh7+ Kf8 17. Bxg7+ Kxg7 18. Nxf3 1-0

[Event "RUS Rapid GP Serpukhov"]
[Site "Serpukhov RUS"]
[Date "2018.02.23"]
[Round "2.21"]
[White "Fadeev, Semen"]
[Black "Kharchenko, Boris"]
[Result "1/2-1/2"]
[BlackTitle "GM"]
[WhiteElo "2168"]
[BlackElo "2464"]
[WhiteFideId "4177738"]
[BlackFideId "14113210"]
[EventDate "2018.02.23"]

1. e4 e5 2. d4 exd4 3. Qxd4 Nc6 4. Qe3 Nf6 5. Nc3 Bb4 6. Bd2 O-O 7. O-O-O Re8 8.
Bc4 d6 9. Nf3 Bxc3 10. Bxc3 Nxe4 11. Rhe1 Bf5 12. Qf4 Bg6 13. Nh4 Nf6 1/2-1/2

[Event "RUS Rapid GP Serpukhov"]
[Site "Serpukhov RUS"]
[Date "2018.02.23"]
[Round "2.22"]
[White "Solozhenkin, Evgeniy"]
[Black "Smirnova, Ekaterina"]
[Result "1-0"]
[WhiteTitle "GM"]
[BlackTitle "WFM"]
[WhiteElo "2433"]
[BlackElo "2102"]
[WhiteFideId "4102266"]
[BlackFideId "4110943"]
[EventDate "2018.02.23"]

1. e4 e6 2. d4 d5 3. Nd2 Nf6 4. e5 Nfd7 5. Bd3 c5 6. c3 Nc6 7. Ne2 cxd4 8. cxd4
f6 9. exf6 Qxf6 10. Nf3 Bd6 11. Bg5 Qf7 12. Bh4 h6 13. O-O Be7 14. Bxe7 Nxe7 15.
Bc2 O-O 16. Qd3 Qf5 17. Qd2 Qf6 18. Ng3 Rd8 19. Rfe1 Nf8 20. Nh5 Qf7 21. Nf4 Nc6
22. Ba4 Bd7 23. Bxc6 bxc6 24. Rac1 Rdc8 25. Ne5 Qe7 26. Rc5 Qd6 27. h3 Be8 28.
Rec1 Rc7 29. R1c3 Rac8 30. Nfd3 Nd7 31. Nxd7 Bxd7 32. Ne5 Be8 33. Ra3 Qe7 34.
Rac3 Qd6 35. Qc1 Kh8 36. g3 Kg8 37. Kg2 Kh8 38. b4 Rb8 39. b5 Rbc8 40. Qc2 Kg8
41. a4 Kh8 42. Nxc6 Bxc6 43. Rxc6 Rxc6 44. Rxc6 Rxc6 45. Qxc6 Qb4 46. Qa8+ Kh7
47. Qxa7 Qe1 48. Qc5 Qe4+ 49. Kh2 Qf5 50. Kg1 Qb1+ 51. Kg2 Qe4+ 52. Kf1 Qb1+ 53.
Ke2 Qa2+ 54. Kd1 Qa1+ 55. Kd2 Kg8 56. b6 Qxa4 57. b7 Qa2+ 58. Qc2 Qa5+ 59. Qc3
Qa2+ 60. Ke3 Qb1 61. Qc8+ Kh7 62. b8=Q Qe4+ 63. Kd2 Qxd4+ 64. Kc1 1-0

[Event "RUS Rapid GP Serpukhov"]
[Site "Serpukhov RUS"]
[Date "2018.02.23"]
[Round "3.1"]
[White "Hasangatin, Ramil"]
[Black "Ponkratov, Pavel"]
[Result "1-0"]
[WhiteTitle "GM"]
[BlackTitle "GM"]
[WhiteElo "2502"]
[BlackElo "2605"]
[WhiteFideId "4122160"]
[BlackFideId "4157800"]
[EventDate "2018.02.23"]

1. e4 c5 2. Nf3 b6 3. g3 Bb7 4. d3 g6 5. Bg2 Bg7 6. O-O e6 7. e5 Nc6 8. Re1 d6
9. exd6 Qxd6 10. Na3 Nf6 11. Nc4 Qe7 12. Nfe5 Nxe5 13. Bxb7 Rd8 14. Ba6 Nxc4 15.
Bxc4 O-O 16. Bg5 Qb7 17. a4 h6 18. Bxf6 Bxf6 19. c3 a6 20. Qe2 b5 21. axb5 axb5
22. Bb3 Rd6 23. Qe3 Rc8 24. Qxh6 c4 25. dxc4 bxc4 26. Bc2 Bg7 27. Qc1 Rcd8 28.
Be4 Qb5 29. Ra8 Rxa8 30. Bxa8 Ra6 31. Bf3 Ra2 32. Re2 Qa4 33. Kg2 Ra1 34. Qd2
Bf6 35. h4 Rd1 36. Qf4 Kg7 37. Rd2 Re1 38. Re2 Ra1 39. Rd2 Re1 40. h5 gxh5 41.
Bxh5 Qa1 42. Rd7 Rg1+ 43. Kf3 Qb1 44. Rxf7+ Kg8 45. Qg4+ Kh8 46. Rf8+ Kh7 47.
Qg8+ Kh6 48. Rxf6+ 1-0

[Event "RUS Rapid GP Serpukhov"]
[Site "Serpukhov RUS"]
[Date "2018.02.23"]
[Round "3.2"]
[White "Grachev, Boris"]
[Black "Evdokimov, Alexander A."]
[Result "1-0"]
[WhiteTitle "GM"]
[BlackTitle "GM"]
[WhiteElo "2653"]
[BlackElo "2502"]
[WhiteFideId "4129199"]
[BlackFideId "4139275"]
[EventDate "2018.02.23"]

1. d4 Nf6 2. c4 e6 3. Nc3 c5 4. e3 d5 5. Nf3 a6 6. cxd5 exd5 7. g3 Nc6 8. Bg2
Be7 9. O-O O-O 10. b3 Bg4 11. dxc5 Bxc5 12. h3 Bf5 13. Bb2 Ba7 14. g4 Be6 15.
Ne2 Ne4 16. Nf4 Qd6 17. Nd4 Rad8 18. Ndxe6 fxe6 19. Bxe4 Rxf4 20. exf4 dxe4 21.
Qxd6 Rxd6 22. Rad1 Rd5 23. f5 Nb4 24. fxe6 Nd3 25. Bc1 Re5 26. Be3 Bxe3 27. fxe3
Rxe6 28. Rd2 Rc6 29. Kg2 h6 30. Kg3 g6 31. Rf4 Re6 32. h4 Nxf4 33. Kxf4 b5 34.
g5 hxg5+ 35. hxg5 Kf7 36. Rd7+ Kf8 37. Rd4 Kf7 38. Rd7+ Kf8 39. Ra7 Ke8 40. a4
bxa4 41. bxa4 Kd8 42. a5 Ke8 43. Rc7 Kd8 44. Rf7 Rc6 45. Rf6 Rc5 46. Rxa6 Rf5+
47. Kg4 Ke7 48. Ra8 Kf7 49. a6 Ra5 50. Kf4 Kg7 51. Ra7+ Kg8 52. Kxe4 Rxg5 53.
Rb7 Ra5 54. a7 1-0

[Event "RUS Rapid GP Serpukhov"]
[Site "Serpukhov RUS"]
[Date "2018.02.23"]
[Round "3.3"]
[White "Kokarev, Dmitry"]
[Black "Krylov, Mikhail RUS"]
[Result "1-0"]
[WhiteTitle "GM"]
[BlackTitle "GM"]
[WhiteElo "2608"]
[BlackElo "2476"]
[WhiteFideId "4132181"]
[BlackFideId "4151364"]
[EventDate "2018.02.23"]

1. g3 g6 2. Bg2 Bg7 3. c4 c5 4. Nc3 Nc6 5. Nf3 e5 6. O-O Nge7 7. Ne1 O-O 8. Nc2
a6 9. Rb1 Rb8 10. b4 d6 11. bxc5 dxc5 12. Ne3 b6 13. d3 Nd4 14. a4 Bb7 15. Ned5
Nxd5 16. cxd5 Nf5 17. Ba3 a5 18. Qb3 Ba6 19. Rfd1 Nd6 20. Ne4 Rb7 21. Nxd6 Qxd6
22. e3 Rd8 23. Qc2 Qd7 24. Bb2 Rbb8 25. Bc3 Qd6 26. Rb3 Rdc8 27. Rb2 Rb7 28. Qb1
Rcb8 29. Rb3 c4 30. dxc4 Bxc4 31. Rb2 Ra7 32. Rc1 Qa3 33. Qa1 Qxa1 34. Rxa1 f5
35. e4 fxe4 36. Bxe4 Rd7 37. Bxa5 Bxd5 38. Bxd5+ Rxd5 39. Rxb6 Ra8 40. Bc3 e4
41. Bxg7 Kxg7 42. Re6 Rd4 43. a5 Kf7 44. Rb6 Ra7 45. a6 Kg7 46. Ra2 Kh6 47. Kf1
Rd1+ 48. Ke2 Rh1 49. h4 Rc1 50. Re6 Rc4 51. Ke3 Kh5 52. Ra5+ Kh6 53. h5 Rb4 54.
hxg6 hxg6 55. Rxe4 Rb6 56. Rea4 Re6+ 57. Kf3 Rf6+ 58. Kg2 Rb6 59. Ra2 Kg7 60.
Kh3 Kf6 61. Kg4 Rc6 62. f4 Rb6 63. R2a3 Rc6 64. Kf3 Rb6 65. g4 Rc6 66. Ke4 Rd6
67. f5 Rb6 68. Kf4 Rb4+ 69. Kg3 Rb6 70. Kf3 Rc6 71. R3a4 Kg5 72. fxg6+ Kxg6 73.
Kf4 Rf6+ 74. Kg3 Rb6 75. Ra3 Rc6 76. Kh4 Rh7+ 77. Rh5 Ra7 78. Rg5+ Kh6 79. Rga5
Kg6 80. Ra1 Rh7+ 81. Rh5 Ra7 82. Rg5+ Kh6 83. Rga5 Kg6 84. R1a3 Rh7+ 85. Kg3 Ra7
86. R3a4 Rb6 87. Kf4 Rf6+ 88. Ke4 Rb6 89. Kd5 Kg5 90. Kc5 Re6 91. Kb5 Kh4 92.
Rc4 Rg6 93. Raa4 Kg5 94. Rc5+ Kh4 95. Rc6 Rgg7 96. Kb6 Kg5 97. Rc8 Kf6 98. Ra5
Ke6 99. Rc6+ 1-0

[Event "RUS Rapid GP Serpukhov"]
[Site "Serpukhov RUS"]
[Date "2018.02.23"]
[Round "3.4"]
[White "Lavrov, Maxim1"]
[Black "Rakhmanov, Aleksandr"]
[Result "0-1"]
[WhiteTitle "IM"]
[BlackTitle "GM"]
[WhiteElo "2384"]
[BlackElo "2655"]
[WhiteFideId "4166418"]
[BlackFideId "4173708"]
[EventDate "2018.02.23"]

1. e4 c5 2. c3 e6 3. d4 d5 4. e5 Nc6 5. Nf3 Qb6 6. a3 c4 7. Nbd2 Na5 8. g3 Bd7
9. h4 Ne7 10. Bh3 h6 11. O-O O-O-O 12. Re1 Kb8 13. Rb1 Nc8 14. Nf1 Qc7 15. Ne3
Nb6 16. Nh2 Be7 17. f4 g6 18. Qf3 Rdg8 19. Kh1 Qd8 20. Neg4 Ba4 21. Qf2 Nc8 22.
Nf3 Nb3 23. Be3 a5 24. Nd2 Nxd2 25. Qxd2 Bb3 26. Qf2 Ka7 27. Rbc1 Nb6 28. Rf1
Na8 29. Rce1 Nc7 30. Bc1 Ne8 31. Qe2 Ng7 32. Ne3 Nf5 33. Kh2 Qb6 34. h5 Ba2 35.
hxg6 fxg6 36. Qc2 h5 37. b4 cxb3 38. Qe2 h4 39. g4 Ng3 40. Qf2 Ne4 41. Qb2 Rc8
42. Nd1 Rc6 43. Bg2 Ng3 44. Rf3 Rhc8 45. Nf2 Qa6 46. Bd2 b5 47. Rfe3 b4 48. axb4
axb4 49. Ra1 Qa3 50. Bc1 Qxb2 51. Bxb2 bxc3 52. Bc1 Rc4 53. Nd1 Bb4 54. Kh3 Rxd4
55. Kxh4 Rxd1 56. Rxg3 Rxc1 57. Rxc1 b2 0-1